Quizzes
Events
Quiz Creation
Community
Videos
Private Events
Remove Ads
Sign In
Join for FREE
Feedback
Dark Mode
Quiz Categories
Sports
Geography
Music
Movies
Television
Just For Fun
Miscellaneous
History
Literature
Language
Science
Gaming
Entertainment
Religion
Holiday
For Kids
Quiz Lab
Recent
Popular Today
Quiz Kudos Today
Editor Picks
Curator Picks
Quizzes by...
Day
Popularity
Type
Ratings
Length
Year
Community
Subscriptions
Recent Discussions
Orange Saloon
Badges
Playlists
Quests
Create
Leaderboards
Showdown
Live 5
Trivia Bingo
Activity
Puzzle Library
Sporcle Events
Private Events
Virtual Trivia
Globe League
Become a Host
Pub Owners
SporcleCon
Opinionation
Our Games
Videos
Blog
Mobile Apps
Partnerships
Remove Ads and Go Orange
Feedback
Gaming
Video Games
Board Games
Card Games
Pokémon
Mario
Nintendo
Minecraft
Console
Toys
Legend of Zelda
Gaming
Video Games
Board Games
Card Games
Pokémon
Mario
Nintendo
Minecraft
Console
Toys
Legend of Zelda
Random Quiz
Search Sporcle
×
Quiz Lab
Quiz Lab
Gaming
Pokémon
Type in answers that appear in a list
Type in answers that appear in a list
Classic
Best Score? Go Orange.
Pokémon by Weight (Gen. I) Stats
Can you name the Pokémon by Weight?
By
HeirOfIsildur11
15m
151 Questions
348 Plays
348 Plays
348 Plays
Comments
Comments
Give Quiz Kudos
Give Quiz Kudos
-
- Ratings
hide this ad
More Info
Forced Order
Answers have to be entered in order
Answers have to be entered in order
Replay
Link that replays current quiz
Next Quiz
Link to next quiz in quiz playlist
You Got
0%
They Got
Avg Score
35%
Avg Friend Score
Upgrade to see
Score Distribution
Jump to the score distribution portion of the page
Score
0/151
Timer
15:00
0
Plays Today
Weight (lbs.)
Pokémon
% Correct
0.2
Gastly
94.3%
0.2
Haunter
93.1%
1.8
Diglett
81.9%
4.0
Pidgey
77%
4.4
Spearow
73.9%
6.4
Caterpie
72.7%
7.1
Weedle
72.4%
7.3
Dratini
72.4%
2.2
Koffing
64.7%
7.7
Rattata
60.6%
8.8
Bellsprout
60.1%
1041.1
Snorlax
59.5%
5.5
Exeggcute
59.2%
661.4
Golem
53.4%
463.0
Dragonite
51.4%
13.2
Pikachu
50.3%
11.9
Oddish
48%
11.9
Paras
48%
463.0
Onix
47.7%
518.1
Gyarados
47.1%
8.8
Mew
46.8%
13.2
Magnemite
46.6%
36.4
Dragonair
46.3%
485.0
Lapras
45.7%
122.1
Articuno
44.3%
286.6
Machamp
43.7%
14.1
Weepinbell
43.4%
116.0
Zapdos
43.4%
132.3
Moltres
43.4%
199.5
Charizard
43.4%
341.7
Arcanine
43.1%
18.7
Charmander
41.1%
264.6
Dewgong
41.1%
16.5
Omanyte
40.8%
269.0
Mewtwo
39.9%
15.2
Bulbasaur
39.7%
130.1
Aerodactyl
39.1%
220.5
Venusaur
38.8%
119.0
Poliwrath
38.5%
136.7
Nidoking
38.2%
292.1
Cloyster
38.2%
132.3
Nidoqueen
37.9%
231.5
Graveler
37.9%
264.6
Rhydon
37.9%
16.5
Zubat
37.6%
109.8
Hitmonlee
37.6%
110.7
Hitmonchan
37.6%
19.0
Gloom
37.4%
44.1
Geodude
37.4%
264.6
Exeggutor
37.4%
121.3
Tentacruel
37.1%
Weight (lbs.)
Pokémon
% Correct
253.5
Rhyhorn
36.5%
22.0
Kakuna
36.2%
123.5
Scyther
36.2%
15.2
Ekans
35.3%
41.0
Vileplume
35.3%
41.9
Charmeleon
35.3%
89.5
Jynx
35.3%
21.8
Metapod
35.1%
173.1
Slowbro
34.8%
8.8
Ditto
34.5%
89.3
Gengar
34.5%
14.3
Cubone
34.2%
41.9
Growlithe
34.2%
25.4
Kabuto
33.9%
43.0
Machop
33.6%
121.3
Pinsir
33.6%
146.8
Electrode
33.3%
176.4
Starmie
33%
209.4
Rapidash
33%
12.1
Jigglypuff
32.8%
43.0
Abra
32.8%
65.0
Parasect
32.8%
8.8
Shellder
32.5%
15.4
Nidoran ♀
32.2%
21.8
Vulpix
32.2%
100.3
Tentacool
32.2%
132.3
Magneton
32.2%
121.3
Golbat
31.9%
155.4
Machoke
31.6%
9.3
Meowth
31.3%
33.1
Farfetch'd
31.3%
65.0
Beedrill
31.3%
105.8
Alakazam
31.3%
22.9
Voltorb
30.7%
28.7
Ivysaur
30.5%
66.1
Pidgeotto
30.2%
70.5
Butterfree
30.2%
188.5
Blastoise
30.2%
54.0
Jolteon
29.9%
89.3
Kabutops
29.9%
124.6
Kadabra
29.9%
187.8
Dodrio
29.9%
66.1
Electabuzz
29.6%
14.3
Eevee
29.3%
19.8
Nidoran ♂
29.3%
34.2
Victreebel
29.3%
19.8
Squirtle
29%
55.1
Flareon
29%
166.7
Hypno
29%
17.6
Horsea
28.7%
79.4
Slowpoke
28.7%
Weight (lbs.)
Pokémon
% Correct
20.9
Weezing
27.9%
26.5
Sandshrew
27.9%
27.6
Venomoth
27.9%
66.1
Raichu
27.9%
43.9
Ninetales
27.6%
65.0
Sandslash
27%
87.1
Pidgeot
27%
83.8
Fearow
26.7%
120.1
Mr. Mime
26.7%
143.3
Arbok
26.7%
43.0
Nidorino
26.4%
77.2
Omastar
26.4%
14.3
Krabby
26.1%
16.5
Clefairy
26.1%
44.1
Nidorina
26.1%
66.1
Venonat
26.1%
61.7
Mankey
25.9%
66.1
Muk
25.3%
98.1
Magmar
25.3%
70.5
Primeape
25%
176.4
Kangaskhan
25%
66.1
Grimer
24.7%
66.1
Ponyta
24.7%
194.9
Tauros
24.1%
73.4
Dugtrio
23.9%
86.4
Doduo
23.6%
63.9
Vaporeon
23.3%
71.4
Drowzee
22.4%
22.0
Magikarp
21.8%
40.8
Raticate
21.6%
99.2
Marowak
21.6%
77.2
Tangela
21%
27.3
Poliwag
20.7%
33.1
Goldeen
20.4%
26.5
Wigglytuff
19.8%
49.6
Wartortle
19%
43.2
Psyduck
18.7%
44.1
Poliwhirl
18.7%
132.3
Kingler
18.7%
55.1
Seadra
18.4%
198.4
Seel
18.4%
144.4
Lickitung
16.7%
168.9
Golduck
16.7%
76.3
Chansey
14.9%
86.0
Seaking
14.9%
70.5
Persian
14.7%
76.1
Staryu
14.7%
88.2
Clefable
14.1%
80.5
Porygon
11.2%
Quiz Playlist
Details
Report
Send in Message
Add To Playlist
More Info:
Any Pokémon with the same weight are listed alphabetically.
Classic:
Type in answers that appear in a list
Forced Order:
Answers have to be entered in order
Last Updated: Feb 16, 2017
Quiz Scoreboard
CHALLENGE
Sign Up to Join the Scoreboard
Show All
Scores
Hide
Comments
May contain spoilers
Recently Published
Click the 1999 NBA Draft
by nibperrychub
Sports
2m
Alphabetical 'K' Countries by Flag Minefield
by ylime102
Geography
3m
Pick 6: Fruits
by JohnFran
Miscellaneous
15s
More to Explore
Quiz From the Vault
Featured Blog Post
15 Basketball Trivia Facts You Can Be March Mad About
hide this ad
You Might Also Like...
Tags
Pokémon Quiz
gen
lbs
Weight
Today's Top Quizzes in Gaming
Browse Gaming
hide this ad
Today's Top Quizzes in Pokémon
Browse Pokémon
Top Contributed Quizzes in Gaming
1
Pokémon Gen IV Logic Puzzle (HARD)
2
HARD Pokemon Logic Puzzle
3
Honkai: Star Rail Technique Names Quiz
4
Order Genshin Impact characters by release date!
5
Genshin Impact Logic Puzzle
6
Genshin Impact Logic Puzzle Quiz
7
Stardew Valley Logic Puzzle
8
Danganronpa 1 Logic Puzzle
9
Pokémon Logic Puzzle (DIFFICULT)
10
Kingdom Hearts Logic Puzzle
Explore More
Trending Topics
Crossword
Harry Potter
Kpop
Anime
Disney
NBA
Marvel
NFL
Soccer
WWE
Puzzle
Song
The Office
Pokémon
Country
hide this ad
More By:
HeirOfIsildur11
Quiz
Plays
Rating
Category
Featured
Created
Pokémon Evolution Levels (Gen. I)
510
5.00
Gaming
Mar 3, 2010
Pokémon by Weight (Gen. I)
348
4.20
Gaming
Mar 3, 2010
Cage the Elephant Songs
267
Music
Mar 14, 2011
Muse Songs
44
5.00
Music
Mar 30, 2011
Go to Creator's Profile
Score Distribution
Quiz Creator Spotlight
HeirOfIsildur11
Follow
Send a Message
Quizzes Created
-
Created Quiz Play Count
-
More By This Creator
Popular Quizzes Today
1
Countries of Asia Without Outlines Minefield
2
Find the US States - No Outlines Minefield
3
Pick 6: Fruits
4
Alphabetical 'K' Countries by Flag Minefield
5
The Countries of the World
6
Find the US States
7
US States
8
Match the Book to the Film X
More Gaming Quizzes
Mario Game by Goomba (Pictures)
Editor's Pick
Trending Quizzes
Pick 6: Harry Potter
Pick 6: Mountains
Pick 6: NFL Teams
Pick 6: Flags
Pick 6: Movie Franchises
Recently Updated
NWSL Teams
pecheneg
Women's Final Four Teams by Year
bhenderson79
Presidents Quartet II
eogle
Anything But Clue(do)
eogle
Anything But Oceanian Capitals
eogle
Anything But 7
eogle
Anything But Thing
eogle
Word Ladder: February 29
pecheneg
Song Title Questions
pecheneg
Women's NCAA Tournament #1 Seeds
pecheneg
Trending Topics
Disney
NBA
Kpop
Harry Potter
Crossword
Anime
Marvel
WWE
The Office
Pokémon
Puzzle
Song
Country
Soccer
NFL
Your Account Isn't Verified!
In order to create a playlist on Sporcle, you need to verify the email address you used during registration. Go to your
Sporcle Settings
to finish the process.
Report this User
Report this user for behavior that violates our
Community Guidelines
.
Details:
Send Report
Go to the Sporcle.com Mobile Site →
Comments